| 000 | 00396nam a2200121Ia 4500 | ||
|---|---|---|---|
| 008 | 220621s9999||||xx |||||||||||||| ||und|| | ||
| 100 | _aFarhad Nejadkoorki | ||
| 245 | 0 | _aAdvanced Air Pollution | |
| 546 | _aEnglish[eng] | ||
| 650 | _aLife Sciences||Environmental Pollution||Air Pollution||Environmental Sciences | ||
| 856 | _uhttps://www.intechopen.com/books/advanced-air-pollution | ||
| 942 | _cEB | ||
| 999 |
_c37264 _d37264 |
||